Представление документа в формате RUSMARC

ПолеНазваниеЗначение
  Тип записи i
  Библиографический уровень m
001 Контрольный номер RU/IS/BASE/527876756
005 Дата корректировки 20250217114031.9
010 Индекс ISBN __
d Цена 224-20
100 Данные общей обработки __
a Данные общей обработки 19160922d2013||||||| 0rusy0189 ca
101 Язык документа 0_
a Язык текста rus
102 Страна публикации __
a Страна публикации ru
105 Кодированные данные (монография) __
a Кодированные данные (монография) nn|||||||f|zy
127 Кодированные данные (звукозаписи-физические характеристики) __
a Продолжительность проигрывания 02 ч 08 мин
200 Заглавие и сведения об ответственности 1_
a Заглавие Дети подземелья
e Сведения, относящиеся к заглавию [повесть : 12+]
f Первые сведения об ответственности Владимир Галактионович Короленко ; читает Арина Ланская
b Общее обозначение материала Звукозапись
210 Выходные данные 1_
a Место издания Москва
c Издательство Агентство
d Дата издания 2013
215 Физическое описание __
a Объем 1 электрон. опт. диск (Audio CD)
c Иллюстрации/тип воспроизводства mp3
d Формат 12х14 см
225 Серия 2_
a Серия Audiobook
300 Общие примечания __
a Общие примечания Заглавие с этикетки диска
323 Примечание о главных создателях, исполнителях, участниках __
a Примечание о главных создателях, исполнителях, участниках Ланская, А. (читает)
330 Аннотация __
a Аннотация Жизнь бедных, которая протекает в голоде, лишениях и болезнях без всяких прав, но с обязанностями. Но это не мешает им обладать многими благодетелями такими как: верность, доброта, помощь близким, альтруизм. Главный персонаж Василий теряет мать. Отцу тяжело пережить потерю жены и ребёнок остается, предоставлен сам себе. Как-то раз, гуляя по городу, он знакомится с жителями часовни Машей и Валентином, которые окажутся истинными друзьями. Благодаря им, он будет познавать истину бытия. Мы увидим, как он взрослеет, мирится с отцом и всё это на фоне смерти друга.
333 Примечание о целевом назначении __
a Примечание о целевом назначении 12+. Для детей старше 12 лет
337 Примечание о системных требованиях (электронные ресурсы) __
a Примечание о системных требованиях (электронные ресурсы) Системные требования: Pentium 100 ; ОЗУ 16 Мб ; MS Windows 98/2000/XP ; устройство чтения CD/DVD-ROM, звуковая карта ; колонки или наушники, мышь
606 Тематические рубрики __
a Основная рубрика Художественная литература
606 Тематические рубрики __
a Основная рубрика Русская литература XIX в. (произведения)
610 Ключевые слова 0_
a Ключевые слова детская классическая литература
a Ключевые слова детская литература
a Ключевые слова классическая литература
a Ключевые слова повести
a Ключевые слова русская классика
a Ключевые слова русская классическая литература
a Ключевые слова тема бедности
a Ключевые слова тема гуманизма
a Ключевые слова тема добра
a Ключевые слова тема дружбы
a Ключевые слова тема любви
a Ключевые слова тема нищеты
a Ключевые слова тема отзывчивости
a Ключевые слова тема сострадания
686 Индексы других классификаций __
2 Код системы rubbks
a Классификационный индекс ст84(2Рос=Рус)1-4я0
700 Автор _1
a Фамилия Короленко
b Имя В. Г.
f Даты 1853-1921
g Полное личное имя Владимир Галактионович
4 Код отношения 070
801 Источник записи _0
a Страна ru
b Организация Муниципальное бюджетное учреждение культуры "Централизованная библиотечная система" г. Сургут (Центральная городская библиотека им. А. С. Пушкина)
c Дата составления 20160922
g Правила каталогизации КиК/Апакова
801 Источник записи _1
a Страна ru
b Организация Муниципальное бюджетное учреждение культуры "Централизованная библиотечная система" г. Сургут (Центральная городская библиотека им. А. С. Пушкина)
c Дата составления 20160922
g Правила каталогизации КиК/Апакова
852 Данные о местонахождении __
j Шифр хранения ст84(2Рос=Рус)1-4я0
i Авторский знак К 68
901 Тип документа __
t Тип документа 0
903 Характеристики (МАРС) __
a Дата передачи 20160922
969 Тип издания __
a Тип издания аудиокнига; издание для детей; издание для слепых
990 Данные о заказе (DOS) __
j Количество экземпляров (DOS) 3
t N записи в КСУ для И/У (DOS) 201609